Sports Quiz

Random Sports Quiz

Cardinals Opening Day Starters (1990-2015) Quiz Stats

 Plays Quiz not verified by Sporcle

Also try: Tennis Players A-Z
Challenge
Share
Tweet
Embed
Score 0/26 Timer 10:00
0 Plays Today
Year Player % Correct
2011Chris Carpenter
99.1%
2010Chris Carpenter
99.1%
2007Chris Carpenter
99.1%
2006Chris Carpenter
99.1%
2005Chris Carpenter
99.1%
2015Adam Wainwright
95.5%
2014Adam Wainwright
95.5%
2013Adam Wainwright
95.5%
2009Adam Wainwright
95.5%
2004Matt Morris
76.4%
2003Matt Morris
76.4%
2002Matt Morris
76.4%
2001Darryl Kile
58.2%
Year Player % Correct
2000Darryl Kile
58.2%
2012Kyle Lohse
54.5%
2008Kyle Lohse
54.5%
1994Bob Tewksbury
42.7%
1993Bob Tewksbury
42.7%
1996Andy Benes
40%
1900Joe Magrane
32.7%
1991Bryn Smith
30%
1998Todd Stottlemyre
28.2%
1997Todd Stottlemyre
28.2%
1999Donovan Osborne
27.3%
1995Ken Hill
20.9%
1992Jose DeLeon
20%

You're not logged in!

Compare scores with friends on all Sporcle quizzes.
Join for Free
OR
Log In

You Might Also Like...

Show Comments

Extras

Top Quizzes Today


Score Distribution

Your Account Isn't Verified!

In order to create a playlist on Sporcle, you need to verify the email address you used during registration. Go to your Sporcle Settings to finish the process.

Report this User

Report this user for behavior that violates our Community Guidelines.

Details: